Qui a dit cette phrase culte Marvel ? (MCU) Version facile - Statistiques

Statistiques générales
  • Ce quiz a été pris 493 fois
  • Le résultat moyen est 11 sur 15
Statistiques - réponses
Hint Réponse % Correct
"Wakanda Forever." Black Panther
98%
"Je s'appelle Groot." Groot
93%
"Je suis toujours en colère." Hulk
92%
"Un génie , playboy, philanthrope , milliardaire." Ironman
90%
"Je ferais ca toute la journée." Captain America
88%
"La dernière fois que j'ai fait confiance a quelqu'un jai perdu un oeil." Nick Fury
88%
“Un grand pouvoir implique de grandes responsabilités.” Tante May
88%
"Pourquoi est Gamora ?" Draxx
84%
"Sur ta gauche." Falcon
75%
"Il a été adopté." Thor
70%
"Tu l'avais pas vu venir celle la." Quicksilver
68%
"Je ne sais meme pas qui tu es." Thanos
64%
"Effort maximum." Deadpool
58%
“Vous enfreignez les règles, vous devenez un héros.
Et quand je le fais, je deviens l’ennemie.
Je trouve pas ca normal.”
Wanda / La sorcière rouge
55%
"Rien ne dure pour toujours." Black widow
35%
Aucun quiz correspondant
Distribution des résultats
% des personnes avec chaque résultat
Percentile par nombre de réponses
Votre historique - résultats
Vous n’avez pas pris ce quiz